000 00761nam a2200229Ia 4500
008 100315s9999 xx 000 0 und d
020 _a0852264798 
040 _cENGLISH 
082 _b8829 
_a302.35 
100 _a"Kolasa, Blair J. "
245 _aIntroduction to Behavioral Science for Business
260 _aNEW DELHI 
_bWiley Eastern Limited  
_c1978 
300 _a"xviii,654  "
365 _eRupees 
_d
_b25.00 
366 _f
505 _gVaibhav Gaikwad 
530 _bDonated By RBI Library  
620 _a"Behavioral Science, Data and Decision Making, Input-Output System "
630 _aIntroduction to Behavioral Science for Business
730 _aIntroduction to Behavioral Science for Business
942 _cBOOK
999 _c483564
_d483561